=LDR 00000nam 2200000 4500 =001 INLIS000000000032791 =005 20140417160741.0 =006 =007 =008 ind =035 ##$$a 0010-061300000032791 =041 ##$$a ind =082 ##$$a 153.53 =090 ##$$a 153.53, Hus m =100 ##$$a Husen, Esa Khairina =245 ##$$a My Little Strawberry, Esa Khairina Husen =260 ##$$a 2009 $b Bandung =300 ##$$a 124 hlm., Ilus., 21 cm =650 ##$$a Kreatifitas =850 ##$$a NBPNMAT